ذ کر جميل (تز کر ہ سو ا نح حضر ت صو فی حا جی جميل ا حمد ر حما نی ) (Record no. 187025)

MARC details
000 -LEADER
fixed length control field 00739nam a22001937a 4500
005 - DATE AND TIME OF LATEST TRANSACTION
control field 20220328113144.0
010 ## - LCCN (DPL NO)
LC control number UR-11495
020 ## - INTERNATIONAL STANDARD BOOK NUMBER
Terms of availability 500.00
International Standard Book Number 9788195074501
035 ## - SYSTEM CONTROL NUMBER
System control number U-10050
037 ## - SOURCE OF ACQUISITION
Source of stock number/acquisition DBAD/PUB
Stock number -
082 ## - DEWEY DECIMAL CLASSIFICATION NUMBER
Classification number 920
Edition number Ist
100 ## - MAIN ENTRY--PERSONAL NAME
Personal name محمد ا نظر ند و ی
245 ## - TITLE STATEMENT
Title ذ کر جميل (تز کر ہ سو ا نح حضر ت صو فی حا جی جميل ا حمد ر حما نی )
Statement of responsibility, etc محمد ا نظر ند و ی
246 ## - VARYING FORM OF TITLE
Remainder of title Zikr-e-Jameel (Urdu)
Title proper/short title by Mohd.Anzar Nidvi
260 ## - PUBLICATION, DISTRIBUTION, ETC. (IMPRINT)
Place of publication, distribution, etc Hyderabad
Name of publisher, distributor, etc Al-Ansar Publications
Date of publication, distribution, etc 2021ء
270 ## - ADDRESS
Address # 18-8-253/36A,Jamal colony,Riyasat Nagar,
City Hyderabad
Postal code 500059
Telephone number 09391301192
Fax number -
300 ## - PHYSICAL DESCRIPTION
Extent 464 ص
Dimensions 22 Cm(Hb)
942 ## - ADDED ENTRY ELEMENTS (KOHA)
Source of classification or shelving scheme Dewey Decimal Classification
Item type Urdu Bks
Classification part 920
Call number suffix م ح م
Holdings
Withdrawn status Lost status Not for loan Collection code Home library Current library Date acquired Source of acquisition Cost, normal purchase price Full call number Barcode Copy number Cost, replacement price Koha item type
    Not For Loan Non-fiction D.B.Act.Division Central Library 28/03/2022 DBAD/PUB 500.00 920 م ح م U-10050 1 500.00 Urdu Bks

© Delhi Public Library
Hit Counter
free hit counter